Mastering primary art and design / (Record no. 17386)
[ view plain ]
| 000 -LEADER | |
|---|---|
| fixed length control field | 00697nam a2200181 4500 |
| 008 - FIXED-LENGTH DATA ELEMENTS--GENERAL INFORMATION | |
| fixed length control field | 221005b ||||| |||| 00| 0 eng d |
| 020 ## - INTERNATIONAL STANDARD BOOK NUMBER | |
| International Standard Book Number | 9781474294874 |
| 082 ## - DEWEY DECIMAL CLASSIFICATION NUMBER | |
| Edition number | 2021 |
| Classification number | DC 372.520440941 |
| Item number | G862 |
| 100 ## - MAIN ENTRY--PERSONAL NAME | |
| Personal name | Gregory, Peter. |
| 9 (RLIN) | 46256 |
| 245 ## - TITLE STATEMENT | |
| Title | Mastering primary art and design / |
| Statement of responsibility, etc. | Peter Gregory, Claire March, Suzy Tutchell. |
| 260 ## - PUBLICATION, DISTRIBUTION, ETC. (IMPRINT) | |
| Place of publication, distribution, etc. | London : |
| Name of publisher, distributor, etc. | Bloomsburry Academic, |
| Date of publication, distribution, etc. | ©2021. |
| 300 ## - PHYSICAL DESCRIPTION | |
| Extent | xviii, 175 pages : |
| Other physical details | illustrations ; |
| Dimensions | 24 cm. |
| 500 ## - GENERAL NOTE | |
| General note | Includes bibliography and index. |
| 650 ## - SUBJECT ADDED ENTRY--TOPICAL TERM | |
| Topical term or geographic name as entry element | Art and design |
| Form subdivision | Study and teaching (Elementary) |
| Geographic subdivision | Great Britain. |
| 9 (RLIN) | 46257 |
| 700 ## - ADDED ENTRY--PERSONAL NAME | |
| Personal name | March, Claire. |
| Relator term | author. |
| 9 (RLIN) | 46258 |
| 700 ## - ADDED ENTRY--PERSONAL NAME | |
| Personal name | Tutchell, Suzy. |
| Relator term | author. |
| 9 (RLIN) | 46259 |
| 942 ## - ADDED ENTRY ELEMENTS (KOHA) | |
| Source of classification or shelving scheme | Dewey Decimal Classification |
| Koha item type | Circulation |
| Withdrawn status | Lost status | Source of classification or shelving scheme | Damaged status | Not for loan | Collection code | Home library | Current library | Date acquired | Source of acquisition | Cost, normal purchase price | Total Checkouts | Full call number | Barcode | Date last seen | Copy number | Price effective from | Koha item type |
|---|---|---|---|---|---|---|---|---|---|---|---|---|---|---|---|---|---|
| Dewey Decimal Classification | Circulation | UM Digos College - LIC | UM Digos College - LIC | 08/16/2022 | Purchased | 2506.00 | DC 372.520440941 G862 2021 | 26835 | 05/15/2025 | 1 | 10/05/2022 | Circulation |
